000 00759nam a2200229Ia 4500
003 GCL
008 140319s9999 xx 000 0 ara d
040 _aGCL /
_cGCL
082 0 4 _a194
_bر م
100 1 _aمحمد على ابوريان
245 1 0 _aمالبرانش والفلسفة الالهية /
_cمحمد على ابوريان
700 1 _aراوية عبدالمنعم عباس
300 _a263 ص
490 _aاساطين الفلسفة الحديثة والمعاصرة
_v0
650 0 4 _aالفلسفة
650 0 4 _aالفلسفة الحديثة
650 0 4 _aالفلسفة الغربية
650 0 4 _aالمذهب العقلى
650 0 4 _aالفلاسفة الفرنسيون
650 0 4 _aمالبرانش
942 _2ddc
_cBK
999 _c49472
_d49472